000 01483nam a2200325 a 4500
001
003 OSt
005 20201104090644.0
008 130314s2020 dr a 001 0 spa d
020 _a9789994093349
040 _aDO-SdBNP
_bspa
_cBNPHU
082 _a302.23
_bG216m
100 1 _aGarcía, Luis
_935829
245 1 0 _aManual de gestión de crisis política y corporativa /
_cLuis García
260 _aSanto Domingo :
_bBúho,
_c2020
300 _a190 p. ;
_b
_c23 cm.
500 _aIncluye datos biográficos del autor en la solapa de la cubierta
504 _aBibliografía: p.187-190
505 0 _t Prólogo -- Generalidades acerca de la crisis -- Tipología de la crisis -- Política de comunicación -- Crisis política -- Crisis corporativa -- Cómo gestionar una crisis -- Estructura del manual de gestión de crisis Buenas practicas de gestión -- Componente ético en la comunicación -- Un caso paradigmático de crisis
_tManual de procedimientos administrativos del Despacho Judicial Penal.
590 _aInventariado,2018/DG
650 4 _aComunicación
_zRepública Dominicana
_x
_964490
_vManuales
650 4 _aCambio social
_vManuales
_zRepública Dominicana
_x
_964491
650 4 _aGlobalización
_zRepública Dominicana
_98293
650 4 _aTecnologías de la información
_xComunicación.
_977131
650 4 _aRedes sociales
_zRepública Dominicana
_943390
653 _a
910 _aVMateo
942 _2ddc
_cLBS1
956 _aVMateo
999 _c49043
_d49043